00330pab a2200133 454500008004000000100002300040245003500063260000900098300001300107362001200120650002600132650001400158773002400172180718b2004 xxu||||| |||| 00| 0 eng d aUyangoda, Jayadeva aSri Lanka: a fractured mandate c2004 ap.27-33. aJul-Sep aElections - Sri Lanka aElections aSouth Asian Journal